MAASAI MARA UNIVERSITY

LIBRARY CATALOGUE

Contact Us: +254 020 2685356/7 or 0774 057787

Box: 861-20500, NAROK, KENYA

Email: info@mmarau.ac.ke

Land use, land-use change, and forestry / (Record no. 19273)

MARC details
000 -LEADER
fixed length control field 01497nam a22003857a 4500
001 - CONTROL NUMBER
control field 12159184
003 - CONTROL NUMBER IDENTIFIER
control field OSt
005 - DATE AND TIME OF LATEST TRANSACTION
control field 20170518101227.0
008 - FIXED-LENGTH DATA ELEMENTS--GENERAL INFORMATION
fixed length control field 161005b xxu||||| |||| 00| 0 eng d
010 ## - LIBRARY OF CONGRESS CONTROL NUMBER
LC control number 00702661
020 ## - INTERNATIONAL STANDARD BOOK NUMBER
International Standard Book Number 0521800838 (hardback)
020 ## - INTERNATIONAL STANDARD BOOK NUMBER
International Standard Book Number 0521804957 (pbk.)
035 ## - SYSTEM CONTROL NUMBER
System control number (OCoLC)ocm44414827
040 ## - CATALOGING SOURCE
Original cataloging agency mmu
Transcribing agency mmu
Modifying agency mmu
Language of cataloging eng
042 ## - AUTHENTICATION CODE
Authentication code lccopycat
050 00 - LIBRARY OF CONGRESS CALL NUMBER
Classification number SD390.7.C55
Item number L36 2000
082 00 - DEWEY DECIMAL CLASSIFICATION NUMBER
Classification number 363.738/746
Edition number 21
245 00 - TITLE STATEMENT
Title Land use, land-use change, and forestry /
Statement of responsibility, etc. edited by Robert T. Watson ... [et al.].
260 ## - PUBLICATION, DISTRIBUTION, ETC. (IMPRINT)
Place of publication, distribution, etc. Cambridge, UK :
Name of publisher, distributor, etc. Published for the Intergovernmental Panel on Climate Change [by] Cambridge University Press,
Date of publication, distribution, etc. c2000.
300 ## - PHYSICAL DESCRIPTION
Extent 377 p. :
Other physical details ill. ;
Dimensions 28 cm.
500 ## - GENERAL NOTE
General note "A special report of the IPCC."
504 ## - BIBLIOGRAPHY, ETC. NOTE
Bibliography, etc Includes bibliographical references.
650 #0 - SUBJECT ADDED ENTRY--TOPICAL TERM
Topical term or geographic name as entry element Climatic changes.
650 #0 - SUBJECT ADDED ENTRY--TOPICAL TERM
Topical term or geographic name as entry element Forest ecology.
650 #0 - SUBJECT ADDED ENTRY--TOPICAL TERM
Topical term or geographic name as entry element Forest management.
650 #0 - SUBJECT ADDED ENTRY--TOPICAL TERM
Topical term or geographic name as entry element Land use.
650 #0 - SUBJECT ADDED ENTRY--TOPICAL TERM
Topical term or geographic name as entry element Carbon cycle (Biogeochemistry).
700 1# - ADDED ENTRY--PERSONAL NAME
Personal name Watson, R. T.
710 2# - ADDED ENTRY--CORPORATE NAME
Corporate name or jurisdiction name as entry element Intergovernmental Panel on Climate Change.
856 42 - ELECTRONIC LOCATION AND ACCESS
Materials specified Publisher description
Uniform Resource Identifier <a href="http://www.loc.gov/catdir/description/cam021/00702661.html">http://www.loc.gov/catdir/description/cam021/00702661.html</a>
856 41 - ELECTRONIC LOCATION AND ACCESS
Materials specified Table of contents
Uniform Resource Identifier <a href="http://www.loc.gov/catdir/toc/cam022/00702661.html">http://www.loc.gov/catdir/toc/cam022/00702661.html</a>
906 ## - LOCAL DATA ELEMENT F, LDF (RLIN)
a 7
b cbc
c copycat
d 2
e ncip
f 20
g y-gencatlg
942 ## - ADDED ENTRY ELEMENTS (KOHA)
Source of classification or shelving scheme Library of Congress Classification
Koha item type L
Holdings
Withdrawn status Lost status Source of classification or shelving scheme Damaged status Not for loan Home library Current library Date acquired Source of acquisition Total Checkouts Full call number Barcode Date last seen Price effective from Koha item type
    Library of Congress Classification     Maasai Mara University Library -Main Campus Maasai Mara University Library -Main Campus 10/05/2016 Donation   SD390.7.C55L36 2000 201618048 10/05/2016 10/05/2016 L
© 2016 Maasai Mara University.